[Event "Landesliga Sued 1920"]
[Site "Bayern"]
[Date "2020.01.19"]
[Round "5.5"]
[White "Reis, Thomas"]
[Black "Koller, Hans Juergen"]
[Result "1/2-1/2"]
[WhiteElo "2127"]
[BlackElo "2154"]
[PlyCount "47"]
[EventDate "2019.09.29"]
[EventType "team-tourn"]
[EventRounds "9"]
[EventCountry "GER"]
[SourceTitle "EXT 2021"]
[Source "ChessBase"]
[SourceDate "2020.10.23"]
[SourceVersion "1"]
[SourceVersionDate "2020.10.23"]
[SourceQuality "1"]
[WhiteTeam "Kriegshaber"]
[BlackTeam "Passau II"]
[WhiteTeamCountry "GER"]
[BlackTeamCountry "GER"]

1. e4 c5 2. Nf3 e6 3. c3 Nf6 4. e5 Nd5 5. g3 Nc6 6. Bg2 d6 7. exd6 Qxd6 8. 0-0 Be7 9. Na3 0-0 10. d4 Rd8 11. Nb5 Qd7 12. dxc5 Bxc5 13. Nbd4 Nxd4 14. Nxd4 Qe7 15. Re1 Qf6 16. Qh5 g6 17. Qh6 Bf8 18. Qg5 Qxg5 19. Bxg5 Be7 20. Bxe7 Nxe7 21. a4 Bd7 22. a5 Rab8 23. f4 Bc6 24. Nxc6 1/2-1/2

[Event "Landesliga Sued 1920"]
[Site "Bayern"]
[Date "2019.11.24"]
[Round "3.4"]
[White "Babiy, Olga"]
[Black "Reis, Thomas"]
[Result "1-0"]
[WhiteElo "2315"]
[BlackElo "2127"]
[PlyCount "93"]
[EventDate "2019.09.29"]
[EventType "team-tourn"]
[EventRounds "9"]
[EventCountry "GER"]
[SourceTitle "EXT 2021"]
[Source "ChessBase"]
[SourceDate "2020.10.23"]
[SourceVersion "1"]
[SourceVersionDate "2020.10.23"]
[SourceQuality "1"]
[WhiteTeam "Muenchen SC II"]
[BlackTeam "Kriegshaber"]
[WhiteTeamCountry "GER"]
[BlackTeamCountry "GER"]

1. e4 d5 2. exd5 Qxd5 3. Nf3 Bg4 4. Be2 Nc6 5. d4 0-0-0 6. c4 Qf5 7. Be3 Bxf3 8. Bxf3 Nxd4 9. Bxd4 Qe6+ 10. Be2 c5 11. Nc3 cxd4 12. Nd5 Qd6 13. a3 e6 14. Nb4 Kb8 15. Rc1 Qc7 16. c5 Nf6 17. 0-0 Ne4 18. Nd3 e5 19. Re1 f6 20. Bg4 Ng5 21. h4 Nf7 22. b4 g6 23. Be6 Bh6 24. Rb1 Rde8 25. Qb3 Nd8 26. Bd5 f5 27. b5 e4 28. b6 axb6 29. Qa4 bxc5 30. Qb5 Re7 31. Nxc5 Kc8 32. Nxb7 Nxb7 33. Qa6 e3 34. Bxb7+ Kd7 35. Qa4+ Ke6 36. Qxd4 Rd8 37. Rb6+ Rd6 38. Bd5+ Kd7 39. Qa4+ Kd8 40. Qa8+ Kd7 41. Rb7 exf2+ 42. Kxf2 Rxe1 43. Rxc7+ Kxc7 44. Kxe1 Kb6 45. Bf3 Bd2+ 46. Ke2 Ba5 47. a4 1-0

[Event "Landesliga Sued 1819"]
[Site "Bayern"]
[Date "2018.10.21"]
[Round "1.4"]
[White "Reis, Thomas"]
[Black "Steinheimer, Juergen"]
[Result "0-1"]
[WhiteElo "2137"]
[BlackElo "2037"]
[PlyCount "104"]
[EventDate "2018.10.21"]
[EventType "team-tourn"]
[EventRounds "9"]
[EventCountry "GER"]
[SourceTitle "EXT 2022"]
[Source "ChessBase"]
[SourceDate "2021.10.06"]
[SourceVersion "1"]
[SourceVersionDate "2021.10.06"]
[SourceQuality "1"]
[WhiteTeam "Kriegshaber SK"]
[BlackTeam "Muenchen Tarrasch"]
[WhiteTeamCountry "GER"]
[BlackTeamCountry "GER"]

1. Nf3 Nf6 2. g3 d5 3. Bg2 e6 4. 0-0 Be7 5. d3 0-0 6. Nbd2 c5 7. e4 Nc6 8. Re1 Qc7 9. e5 Nd7 10. Qe2 b5 11. h4 a5 12. Nf1 Ba6 13. Bf4 Rfc8 14. c3 d4 15. cxd4 cxd4 16. Rac1 Qb6 17. Ng5 Bxg5 18. hxg5 Nc5 19. Nd2 Rab8 20. Ne4 Nxe4 21. Bxe4 Ne7 22. Kg2 Bb7 23. Bd2 b4 24. f4 g6 25. Kf3 Bd5 26. Rh1 Bxe4+ 27. dxe4 Rxc1 28. Rxc1 Rc8 29. Rxc8+ Nxc8 30. Qc4 Ne7 31. Ke2 Kg7 32. Kd3 Nc6 33. Be1 h6 34. gxh6+ Kxh6 35. Qc1 Qb5+ 36. Qc4 Qb6 37. Bf2 Kh5 38. Kd2 Kh6 39. b3 Kh5 40. Qc1 Kh6 41. g4 g5 42. Ke1 Qb5 43. fxg5+ Kg6 44. Bg3 Nxe5 45. Qc8 Kg7 46. Qd8 Nf3+ 47. Kf2 Qxg5 48. Qxg5+ Nxg5 49. Be5+ Kg6 50. Bxd4 Nxe4+ 51. Ke3 Nf6 52. Bb6 Nd5+ 0-1

[Event "Landesliga Sued 1718"]
[Site "Bayern"]
[Date "2018.04.15"]
[Round "9.6"]
[White "Reis, Thomas"]
[Black "Scheckenbach, Franz"]
[Result "1-0"]
[WhiteElo "2178"]
[BlackElo "2033"]
[PlyCount "69"]
[EventDate "2017.10.22"]
[EventType "team-tourn"]
[EventRounds "9"]
[EventCountry "GER"]
[SourceTitle "EXT 2022"]
[Source "ChessBase"]
[SourceDate "2021.10.06"]
[SourceVersion "1"]
[SourceVersionDate "2021.10.06"]
[SourceQuality "1"]
[WhiteTeam "Kriegshaber SK"]
[BlackTeam "Groebenzell"]
[WhiteTeamCountry "GER"]
[BlackTeamCountry "GER"]

1. Nf3 d5 2. g3 c5 3. Bg2 Nc6 4. 0-0 e5 5. d3 Nf6 6. Bg5 Be7 7. Nfd2 h6 8. Bxf6 Bxf6 9. Nc3 Be6 10. e4 d4 11. Nd5 Be7 12. c4 Bd6 13. f4 Qc8 14. f5 Bd7 15. Qh5 Be7 16. Nf3 Bf6 17. g4 Kf8 18. a3 Qd8 19. b4 cxb4 20. axb4 a5 21. bxa5 Rxa5 22. Rxa5 Qxa5 23. Rb1 Nd8 24. g5 g6 25. Qg4 gxf5 26. exf5 Bxg5 27. Nxg5 hxg5 28. Qxg5 Bc6 29. Qe7+ Kg8 30. Kh1 Rh6 31. Rg1 Kh7 32. Be4 Rxh2+ 33. Kxh2 Qd2+ 34. Rg2 Qh6+ 35. Kg3 1-0

[Event "Landesliga Sued 1718"]
[Site "Bayern"]
[Date "2018.02.04"]
[Round "6.5"]
[White "Reis, Thomas"]
[Black "Lederle, Vitus"]
[Result "1-0"]
[WhiteElo "2178"]
[BlackElo "2111"]
[PlyCount "111"]
[EventDate "2017.10.22"]
[EventType "team-tourn"]
[EventRounds "9"]
[EventCountry "GER"]
[SourceTitle "EXT 2022"]
[Source "ChessBase"]
[SourceDate "2021.10.06"]
[SourceVersion "1"]
[SourceVersionDate "2021.10.06"]
[SourceQuality "1"]
[WhiteTeam "Kriegshaber SK"]
[BlackTeam "Dillingen"]
[WhiteTeamCountry "GER"]
[BlackTeamCountry "GER"]

1. Nf3 Nf6 2. g3 c5 3. Bg2 e6 4. 0-0 d5 5. d3 Be7 6. Nbd2 Nc6 7. e4 0-0 8. Re1 Qc7 9. e5 Nd7 10. Qe2 b5 11. h4 Nb6 12. Nf1 Bd7 13. N1h2 Rac8 14. Bf4 Nd4 15. Nxd4 cxd4 16. Rec1 Na4 17. Bxd5 exd5 18. e6 Bd6 19. Bxd6 Qxd6 20. exd7 Qxd7 21. Qe5 Nxb2 22. Qxd4 Na4 23. c4 b4 24. Re1 Rfd8 25. cxd5 a5 26. Re5 f6 27. Rh5 Nc3 28. Re1 Re8 29. Rxe8+ Rxe8 30. Kg2 Nxa2 31. Ng4 Nc3 32. Nxf6+ gxf6 33. Qxf6 Re7 34. d6 Rg7 35. Rxa5 Qb7+ 36. Kh2 h6 37. Qxh6 Qf3 38. Qe6+ Kh7 39. Rf5 Qe2 40. Qxe2 Nxe2 41. Rb5 Rd7 42. Re5 Rxd6 43. Rxe2 Rxd3 44. Re7+ Kg6 45. Rb7 b3 46. Kh3 Kf5 47. Rb4 Rc3 48. h5 Rf3 49. Kg2 Rc3 50. h6 Kg6 51. Rb6+ Kh7 52. g4 Rd3 53. g5 Rd5 54. Rb7+ Kh8 55. f4 Rd2+ 56. Kf3 1-0

[Event "Landesliga Sued 1718"]
[Site "Bayern"]
[Date "2017.11.12"]
[Round "2.6"]
[White "Reis, Thomas"]
[Black "Pawelzik, Malte"]
[Result "1/2-1/2"]
[WhiteElo "2178"]
[BlackElo "2154"]
[PlyCount "147"]
[EventDate "2017.10.22"]
[EventType "team-tourn"]
[EventRounds "9"]
[EventCountry "GER"]
[SourceTitle "EXT 2022"]
[Source "ChessBase"]
[SourceDate "2021.10.06"]
[SourceVersion "1"]
[SourceVersionDate "2021.10.06"]
[SourceQuality "1"]
[WhiteTeam "Kriegshaber SK"]
[BlackTeam "Garching II"]
[WhiteTeamCountry "GER"]
[BlackTeamCountry "GER"]

1. Nf3 Nf6 2. g3 g6 3. Bg2 Bg7 4. 0-0 0-0 5. d3 d5 6. c3 c5 7. a3 a5 8. a4 Nc6 9. Qc2 e5 10. e4 h6 11. exd5 Nxd5 12. Nbd2 Bf5 13. Ne4 b6 14. Nfd2 Ra7 15. Nc4 Rd7 16. Qb3 Be6 17. Qb5 Nce7 18. Re1 Qc7 19. f3 Nc8 20. Bd2 Rfd8 21. Bf1 Qb7 22. Be3 Nxe3 23. Rxe3 f5 24. Ned2 Bd5 25. Rae1 Kh7 26. Qb3 f4 27. Re4 Nd6 28. Qxb6 Nxe4 29. dxe4 Bc6 30. Qxb7 Rxb7 31. Nxa5 Rxd2 32. Nxc6 Rbxb2 33. gxf4 exf4 34. e5 Rb6 35. e6 Rxc6 36. e7 Rc8 37. e8Q Rxe8 38. Rxe8 Bxc3 39. Re7+ Kh8 40. Bc4 Bd4+ 41. Kh1 Rc2 42. Bd5 Rc1+ 43. Kg2 Ra1 44. Ra7 Bc3 45. Be4 g5 46. Rh7+ Kg8 47. Rxh6 Rxa4 48. Rg6+ Kf7 49. Rxg5 c4 50. Rc5 Kf6 51. h4 Bd4 52. Rc6+ Kg7 53. h5 c3 54. h6+ Kf7 55. Kh3 Ra5 56. Kg4 Rc5 57. Bg6+ Ke7 58. Rxc5 Bxc5 59. Kxf4 Bd4 60. Bc2 Kf7 61. Kf5 Be3 62. Bb3+ Kf8 63. Kg6 Bd4 64. f4 c2 65. Bxc2 Kg8 66. Be4 Kh8 67. Bd5 Bb2 68. f5 Be5 69. h7 Bb2 70. Bg8 Bg7 71. Kf7 Bf6 72. Kg6 Bb2 73. f6 Bxf6 74. Kxf6 1/2-1/2

[Event "Landesliga Sued 1617"]
[Site "Bayern"]
[Date "2017.04.02"]
[Round "8.5"]
[White "Hoy, Bernd"]
[Black "Reis, Thomas"]
[Result "1/2-1/2"]
[WhiteElo "2242"]
[BlackElo "2152"]
[PlyCount "79"]
[EventDate "2016.10.16"]
[EventType "team-tourn"]
[EventRounds "9"]
[EventCountry "GER"]
[SourceTitle "EXT 2019"]
[Source "ChessBase"]
[SourceDate "2018.10.10"]
[SourceVersion "1"]
[SourceVersionDate "2018.10.10"]
[SourceQuality "1"]
[WhiteTeam "Groebenzell"]
[BlackTeam "Kriegshaber"]
[WhiteTeamCountry "GER"]
[BlackTeamCountry "GER"]

1. c4 b6 2. e4 Bb7 3. Nc3 e5 4. f4 exf4 5. d4 Qh4+ 6. Ke2 g5 7. Nf3 Qh5 8. Kd3 Bg7 9. Be2 Qg6 10. Kc2 Nc6 11. d5 Nb4+ 12. Kb1 Ne7 13. a3 Na6 14. Bd3 g4 15. Nh4 Qh5 16. g3 Bxc3 17. bxc3 fxg3 18. hxg3 Qe5 19. Bf4 Qxc3 20. Bc1 Rg8 21. Bb2 Qa5 22. Ng2 Nc5 23. Rxh7 Nxd3 24. Qxd3 Ba6 25. Ne3 Qe1+ 26. Ka2 Qxg3 27. Rf1 0-0-0 28. Rfxf7 Ng6 29. Qd4 Rge8 30. Rfg7 Ne5 31. c5 Qf2 32. Qa4 Bb7 33. Nxg4 Nxg4 34. c6 Kb8 35. Rxg4 dxc6 36. Rgg7 Qf4 37. Rxc7 Qxc7 38. Rxc7 Kxc7 39. Bf6 cxd5 40. Qc2+ 1/2-1/2

[Event "Landesliga Sued 1617"]
[Site "Bayern"]
[Date "2017.02.19"]
[Round "6.7"]
[White "Berisha, Regjep"]
[Black "Reis, Thomas"]
[Result "0-1"]
[WhiteElo "1949"]
[BlackElo "2152"]
[PlyCount "53"]
[EventDate "2016.10.16"]
[EventType "team-tourn"]
[EventRounds "9"]
[EventCountry "GER"]
[SourceTitle "EXT 2019"]
[Source "ChessBase"]
[SourceDate "2018.10.10"]
[SourceVersion "1"]
[SourceVersionDate "2018.10.10"]
[SourceQuality "1"]
[WhiteTeam "Roehrnbach"]
[BlackTeam "Kriegshaber"]
[WhiteTeamCountry "GER"]
[BlackTeamCountry "GER"]

1. e4 b6 2. d4 Bb7 3. Bd3 Nf6 4. f3 e6 5. c4 d5 6. cxd5 exd5 7. Bg5 dxe4 8. fxe4 Be7 9. Bxf6 Bxf6 10. Nf3 0-0 11. e5 Bh4+ 12. g3 Bg5 13. h4 Be3 14. Bxh7+ Kxh7 15. Qd3+ Kg8 16. Qxe3 Bxf3 17. Qxf3 Qxd4 18. Nc3 Nd7 19. Qe4 Qxe4+ 20. Nxe4 Nxe5 21. 0-0-0 Rad8 22. h5 Rfe8 23. Rhe1 Rxd1+ 24. Kxd1 Kf8 25. Ng5 f6 26. Ne4 Nd3 27. Rh1 0-1

[Event "Landesliga Sued 1617"]
[Site "Bayern"]
[Date "2016.12.04"]
[Round "3.7"]
[White "Reis, Thomas"]
[Black "Pawelzik, Malte"]
[Result "1-0"]
[WhiteElo "2152"]
[BlackElo "2090"]
[PlyCount "55"]
[EventDate "2016.10.16"]
[EventType "team-tourn"]
[EventRounds "9"]
[EventCountry "GER"]
[SourceTitle "EXT 2019"]
[Source "ChessBase"]
[SourceDate "2018.10.10"]
[SourceVersion "1"]
[SourceVersionDate "2018.10.10"]
[SourceQuality "1"]
[WhiteTeam "Kriegshaber"]
[BlackTeam "Garching II"]
[WhiteTeamCountry "GER"]
[BlackTeamCountry "GER"]

1. d4 Nf6 2. c4 g6 3. Nc3 d5 4. cxd5 Nxd5 5. e4 Nxc3 6. bxc3 Bg7 7. Bg5 c5 8. Rc1 0-0 9. Nf3 Bg4 10. d5 Qd6 11. Be2 Nd7 12. 0-0 f5 13. Nd2 Bxe2 14. Qxe2 f4 15. g3 fxg3 16. hxg3 e6 17. Nc4 Qa6 18. Rfe1 exd5 19. exd5 Rfe8 20. Qxe8+ Rxe8 21. Rxe8+ Bf8 22. Ne3 h6 23. Rd8 hxg5 24. Rxd7 Qxa2 25. Rd1 Qa4 26. Rxb7 Bd6 27. Re1 Qa5 28. Ng4 1-0

[Event "Landesliga Sued 1617"]
[Site "Bayern"]
[Date "2016.10.16"]
[Round "1.6"]
[White "Bielmeier, Ludwig"]
[Black "Reis, Thomas"]
[Result "1/2-1/2"]
[WhiteElo "1998"]
[BlackElo "2152"]
[PlyCount "87"]
[EventDate "2016.10.16"]
[EventType "team-tourn"]
[EventRounds "9"]
[EventCountry "GER"]
[SourceTitle "EXT 2019"]
[Source "ChessBase"]
[SourceDate "2018.10.10"]
[SourceVersion "1"]
[SourceVersionDate "2018.10.10"]
[SourceQuality "1"]
[WhiteTeam "Deggendorf"]
[BlackTeam "Kriegshaber"]
[WhiteTeamCountry "GER"]
[BlackTeamCountry "GER"]

1. Nf3 c5 2. c4 g6 3. g3 Bg7 4. Bg2 Nc6 5. 0-0 e5 6. Nc3 Nge7 7. a3 0-0 8. Ne1 d6 9. Nc2 a5 10. Rb1 Be6 11. Ne3 Rb8 12. Ned5 f5 13. d3 h6 14. Bd2 Bf7 15. b4 axb4 16. axb4 b6 17. Nxe7+ Nxe7 18. Qc1 Kh7 19. bxc5 dxc5 20. Nb5 Be8 21. Bc3 Bc6 22. Bxc6 Nxc6 23. Qe3 Re8 24. Qf3 Qd7 25. Rfd1 Rbd8 26. Rd2 Re6 27. Ra1 Qe7 28. Rda2 Rd7 29. Qg2 h5 30. Ra6 Nd4 31. Bxd4 exd4 32. Qf3 Rxe2 33. Rxb6 h4 34. Rf1 Re6 35. Rxe6 Qxe6 36. Qf4 hxg3 37. hxg3 Qc6 38. Re1 Bf6 39. g4 fxg4 40. Re4 Kg7 41. Qxg4 Re7 42. Rxe7+ Bxe7 43. Qg3 Kf7 44. Qf4+ 1/2-1/2

[Event "Landesliga Sued 1516"]
[Site "Bayern"]
[Date "2016.01.31"]
[Round "6.6"]
[White "Reis, Thomas"]
[Black "Mayerhofer, Peter"]
[Result "1/2-1/2"]
[WhiteElo "2152"]
[BlackElo "2137"]
[PlyCount "210"]
[EventDate "2015.10.11"]
[EventType "team-tourn"]
[EventRounds "9"]
[EventCountry "GER"]
[SourceTitle "EXT 2018"]
[Source "ChessBase"]
[SourceDate "2017.10.13"]
[SourceVersion "1"]
[SourceVersionDate "2017.10.13"]
[SourceQuality "1"]
[WhiteTeam "Kriegshaber"]
[BlackTeam "Weilheim"]
[WhiteTeamCountry "GER"]
[BlackTeamCountry "GER"]

1. d4 d5 2. c4 e5 3. dxe5 d4 4. Nf3 Nc6 5. a3 Bg4 6. Nbd2 Nge7 7. h3 Be6 8. Nb3 Ng6 9. Nbxd4 Ngxe5 10. Nxe6 Qxd1+ 11. Kxd1 fxe6 12. Nxe5 Nxe5 13. e3 Be7 14. Kc2 0-0 15. f3 Ng6 16. Bd2 Rad8 17. Be2 Nh4 18. Rhg1 Bd6 19. f4 e5 20. g3 Ng6 21. Bd3 Ne7 22. Be4 c6 23. Bb4 Nc8 24. c5 Bc7 25. Rad1 Ne7 26. Rxd8 Rxd8 27. Rd1 Rxd1 28. Kxd1 g6 29. Ke2 Kf7 30. Kf3 Ke6 31. Bb1 Nd5 32. Ba2 Kd7 33. Be1 Ke7 34. e4 Nf6 35. Bc3 Nd7 36. b4 Bb8 37. Bb3 Bc7 38. Bd2 Bb8 39. Ke3 Nf6 40. Bd1 Bc7 41. Bc3 Nd7 42. Bg4 Kd8 43. h4 Nf6 44. Be2 Nd7 45. h5 Ke7 46. hxg6 hxg6 47. Bg4 Kd8 48. Bxd7 exf4+ 49. gxf4 Kxd7 50. Kf3 Ke6 51. Kg4 Bd8 52. Kf3 Bc7 53. Ke3 Bd8 54. Bg7 Bc7 55. Bf8 a6 56. Bh6 Bd8 57. Kd3 Bf6 58. Kc4 Bd8 59. a4 Bh4 60. b5 Bf2 61. bxa6 bxa6 62. Bf8 Be3 63. Bd6 Bf2 64. Kd3 Be1 65. Ke2 Bh4 66. Kf3 Bf6 67. Kg4 Bd8 68. f5+ gxf5+ 69. exf5+ Kf7 70. Kf4 Bh4 71. Ke4 Bf2 72. Kf4 Bh4 73. Bc7 Bf2 74. Bb6 Bd4 75. Ke4 Bb2 76. Bd8 Bc3 77. Bg5 Ba5 78. Kd3 Be1 79. Kc4 Bf2 80. Bd8 Be1 81. Kd3 Bf2 82. Bb6 Be1 83. Ke4 Bc3 84. Bc7 Be1 85. Be5 Bf2 86. Bd4 Bg3 87. Kd3 Be1 88. Bc3 Bg3 89. Kc4 Bf4 90. Kb4 Bc7 91. Bd4 Ke7 92. Kc4 Kf7 93. Kd3 Bf4 94. Ke4 Bg3 95. Be3 Bc7 96. Bf4 Ba5 97. Be5 Be1 98. Bd4 Bg3 99. Kf3 Be1 100. Kg4 Bd2 101. Kh3 Bf4 102. f6 Bd2 103. Kg4 Ke6 104. Kh5 Kf7 105. Kg4 Ke6 1/2-1/2

[Event "Landesliga Sued 1516"]
[Site "Bayern"]
[Date "2015.11.15"]
[Round "3.6"]
[White "Flassak, Bernhard"]
[Black "Reis, Thomas"]
[Result "1/2-1/2"]
[WhiteElo "2054"]
[BlackElo "2152"]
[PlyCount "51"]
[EventDate "2015.10.11"]
[EventType "team-tourn"]
[EventRounds "9"]
[EventCountry "GER"]
[SourceTitle "EXT 2018"]
[Source "ChessBase"]
[SourceDate "2017.10.13"]
[SourceVersion "1"]
[SourceVersionDate "2017.10.13"]
[SourceQuality "1"]
[WhiteTeam "Freising"]
[BlackTeam "Kriegshaber"]
[WhiteTeamCountry "GER"]
[BlackTeamCountry "GER"]

1. d4 Nf6 2. Nf3 e6 3. c4 Bb4+ 4. Bd2 Qe7 5. a3 Bxd2+ 6. Qxd2 0-0 7. Nc3 d6 8. e3 e5 9. dxe5 dxe5 10. Be2 Rd8 11. Qc2 Bg4 12. 0-0 Nbd7 13. Rfd1 c6 14. h3 Bh5 15. b4 a5 16. c5 axb4 17. axb4 Rxa1 18. Rxa1 b6 19. cxb6 Nxb6 20. b5 cxb5 21. Nxb5 Rc8 22. Qb2 Bxf3 23. Bxf3 Qc5 24. Na7 Nc4 25. Qb5 Qxb5 26. Nxb5 1/2-1/2

[Event "Landesliga Sued 1516"]
[Site "Bayern"]
[Date "2015.10.11"]
[Round "1.7"]
[White "Penn, Peter"]
[Black "Reis, Thomas"]
[Result "0-1"]
[WhiteElo "1897"]
[BlackElo "2152"]
[PlyCount "50"]
[EventDate "2015.10.11"]
[EventType "team-tourn"]
[EventRounds "9"]
[EventCountry "GER"]
[SourceTitle "EXT 2018"]
[Source "ChessBase"]
[SourceDate "2017.10.13"]
[SourceVersion "1"]
[SourceVersionDate "2017.10.13"]
[SourceQuality "1"]
[WhiteTeam "Trostberg"]
[BlackTeam "Kriegshaber"]
[WhiteTeamCountry "GER"]
[BlackTeamCountry "GER"]

1. d4 Nf6 2. Nf3 e6 3. g3 b5 4. Bg2 Bb7 5. 0-0 c5 6. c3 Na6 7. Bg5 Be7 8. a4 b4 9. c4 0-0 10. Nbd2 d6 11. h3 Rc8 12. Qc2 cxd4 13. Nxd4 Bxg2 14. Kxg2 h6 15. Be3 Nc5 16. Rfd1 Qb6 17. Kg1 Qb7 18. N2b3 d5 19. Na5 Qa6 20. cxd5 Nxd5 21. Nc4 b3 22. Qc1 Nxa4 23. Nxb3 Rxc4 24. Qd2 Nxe3 25. Qxe3 Qb6 0-1

[Event "Oberliga Bayern 1415"]
[Site "Germany"]
[Date "2015.03.15"]
[Round "8.6"]
[White "Reis, Thomas"]
[Black "Kukov, Velislav"]
[Result "1/2-1/2"]
[WhiteElo "2207"]
[BlackElo "2358"]
[PlyCount "100"]
[EventDate "2014.10.19"]
[EventType "team-tourn"]
[EventRounds "9"]
[EventCountry "GER"]
[SourceTitle "EXT 2016"]
[Source "ChessBase"]
[SourceDate "2015.10.08"]
[SourceVersion "1"]
[SourceVersionDate "2015.10.08"]
[SourceQuality "1"]
[WhiteTeam "Kriegshaber"]
[BlackTeam "Goeggingen"]
[WhiteTeamCountry "GER"]
[BlackTeamCountry "GER"]

1. d4 d6 2. c4 e5 3. d5 f5 4. e4 Nf6 5. exf5 Bxf5 6. Nc3 g6 7. Nge2 Bg7 8. Ng3 Nbd7 9. Bd3 Bxd3 10. Qxd3 Nc5 11. Qc2 0-0 12. b4 Ncd7 13. Rb1 c6 14. dxc6 bxc6 15. 0-0 d5 16. b5 dxc4 17. bxc6 Nb6 18. Ba3 Rf7 19. Nb5 Ne8 20. Bc5 Qd5 21. Ne4 Qxc6 22. Nxa7 Rfxa7 23. Rxb6 Qd5 24. Rb2 Rd7 25. Be3 Nf6 26. Nc5 Rc7 27. Rd1 Qf7 28. h3 Rac8 29. Ne4 c3 30. Rb3 Nxe4 31. Qxe4 c2 32. Rc1 Rc4 33. Qd3 e4 34. Qe2 Qd7 35. h4 Qd5 36. g3 Qa5 37. Rb8 Qxa2 38. Rxc8+ Rxc8 39. h5 gxh5 40. Qxh5 Qe6 41. Qg5 Kh8 42. Kg2 Qf7 43. Bf4 Qf6 44. Qh5 Qg6 45. Qh3 Rc5 46. Qd7 h6 47. Be3 Rc3 48. Bd4 Rc4 49. Bxg7+ Qxg7 50. Qd2 Qf6 1/2-1/2

[Event "Oberliga Bayern 1415"]
[Site "Germany"]
[Date "2015.01.18"]
[Round "5.7"]
[White "Reis, Thomas"]
[Black "Giss, Arthur"]
[Result "1-0"]
[WhiteElo "2207"]
[BlackElo "2041"]
[PlyCount "81"]
[EventDate "2014.10.19"]
[EventType "team-tourn"]
[EventRounds "9"]
[EventCountry "GER"]
[SourceTitle "EXT 2016"]
[Source "ChessBase"]
[SourceDate "2015.10.08"]
[SourceVersion "1"]
[SourceVersionDate "2015.10.08"]
[SourceQuality "1"]
[WhiteTeam "Kriegshaber"]
[BlackTeam "Dillingen"]
[WhiteTeamCountry "GER"]
[BlackTeamCountry "GER"]

1. d4 Nf6 2. c4 e6 3. Nf3 b6 4. g3 Bb7 5. Bg2 Be7 6. 0-0 0-0 7. Re1 d6 8. Nc3 Nbd7 9. e4 c5 10. e5 dxe5 11. dxe5 Ne8 12. h4 a6 13. Bf4 g6 14. Qe2 Bc6 15. Rad1 Ng7 16. Ne4 Qc8 17. Bg5 Bxg5 18. hxg5 Bxe4 19. Qxe4 Qc7 20. g4 Rad8 21. Nd2 Rfe8 22. Qf4 Nf8 23. Ne4 Rxd1 24. Rxd1 Rd8 25. Nf6+ Kh8 26. Rd6 Ne8 27. Rxd8 Qxd8 28. Bc6 Nc7 29. Ne4 Kg8 30. Qf6 Qxf6 31. Nxf6+ Kg7 32. f4 h6 33. gxh6+ Kxh6 34. g5+ Kg7 35. Kf2 Kh8 36. Ke3 Kg7 37. Kd3 a5 38. Kc3 Kh8 39. Kb3 Kg7 40. Ka4 Kh8 41. Ne8 1-0

[Event "Oberliga Bayern 1415"]
[Site "Germany"]
[Date "2014.11.09"]
[Round "2.7"]
[White "Kues, Manuel"]
[Black "Reis, Thomas"]
[Result "1-0"]
[WhiteElo "1984"]
[BlackElo "2207"]
[PlyCount "147"]
[EventDate "2014.10.19"]
[EventType "team-tourn"]
[EventRounds "9"]
[EventCountry "GER"]
[SourceTitle "EXT 2016"]
[Source "ChessBase"]
[SourceDate "2015.10.08"]
[SourceVersion "1"]
[SourceVersionDate "2015.10.08"]
[SourceQuality "1"]
[WhiteTeam "Kareth Lappersdorf"]
[BlackTeam "Kriegshaber"]
[WhiteTeamCountry "GER"]
[BlackTeamCountry "GER"]

1. e4 d6 2. d4 Nf6 3. Nc3 c6 4. Nf3 Bg4 5. h3 Bh5 6. Be2 e6 7. Bg5 Be7 8. 0-0 d5 9. Ne5 Bxe2 10. Qxe2 Nxe4 11. Nxe4 Bxg5 12. Qh5 g6 13. Qxg5 Qxg5 14. Nxg5 f6 15. Nxe6 fxe5 16. Nc7+ Kd7 17. Nxa8 exd4 18. f4 Na6 19. f5 g5 20. Rad1 c5 21. c3 dxc3 22. bxc3 Kc6 23. Rfe1 Rxa8 24. Re7 Rf8 25. g4 h5 26. Rg7 hxg4 27. hxg4 Nc7 28. Rxg5 Rf7 29. Kf2 Kb5 30. Ke3 Kc4 31. Kd2 Nb5 32. Rc1 Nd6 33. Rh5 Ne4+ 34. Ke3 Nxc3 35. Kf4 d4 36. g5 d3 37. Rh2 Kd4 38. g6 Re7 39. Rxc3 Kxc3 40. f6 Re2 41. Rh3 Rf2+ 42. Kg5 Kc2 43. g7 d2 44. Rh1 d1Q 45. Rxd1 Kxd1 46. Kg6 c4 47. f7 c3 48. f8Q Rg2+ 49. Kf5 c2 50. Qd6+ Rd2 51. Qc5 c1Q 52. Qg1+ Kc2 53. Qc5+ Kb1 54. Qxc1+ Kxc1 55. g8Q Rb2 56. a4 a5 57. Qg1+ Kc2 58. Qc5+ Kb3 59. Qxa5 Ka3 60. Ke5 Rb4 61. Qa7 b6 62. Kd5 Kb3 63. Qa6 Ka3 64. a5 bxa5 65. Qxa5+ Kb3 66. Qa1 Rb5+ 67. Kd4 Rb4+ 68. Kd3 Rb5 69. Qb1+ Ka4 70. Qa2+ Kb4 71. Kd4 Rb6 72. Qb2+ Ka5 73. Qa3+ Kb5 74. Kd5 1-0

[Event "Oberliga Bayern 1314"]
[Site "Bayern"]
[Date "2013.10.13"]
[Round "1.8"]
[White "Reis, Thomas"]
[Black "Reich, Thomas"]
[Result "0-1"]
[WhiteElo "2209"]
[BlackElo "2386"]
[PlyCount "66"]
[EventDate "2013.10.13"]
[EventType "team-tourn"]
[EventRounds "9"]
[EventCountry "GER"]
[SourceTitle "EXT 2015"]
[Source "ChessBase"]
[SourceDate "2014.11.20"]
[SourceVersion "1"]
[SourceVersionDate "2014.11.20"]
[SourceQuality "1"]
[WhiteTeam "Kriegshaber"]
[BlackTeam "Bayern Muenchen II"]
[WhiteTeamCountry "GER"]
[BlackTeamCountry "GER"]

1. d4 g6 2. c4 Bg7 3. e4 Nf6 4. Nc3 0-0 5. Nf3 c5 6. d5 d6 7. h3 e6 8. Bd3 exd5 9. exd5 Re8+ 10. Kf1 Nbd7 11. g3 a6 12. a4 b6 13. Kg2 Ne5 14. Nxe5 Rxe5 15. Bf4 Re8 16. Qd2 Qd7 17. g4 h5 18. f3 Bb7 19. Bg3 Re7 20. Rab1 Rae8 21. b4 hxg4 22. hxg4 Re3 23. bxc5 dxc5 24. Rxb6 Nxd5 25. Rxb7 Rxd3 26. Qxd3 Nf4+ 27. Bxf4 Qxd3 28. Nd5 Qxc4 29. Ne7+ Rxe7 30. Rxe7 Qxf4 31. Re8+ Bf8 32. Rd1 Kg7 33. Rdd8 Bd6 0-1

[Event "Landesliga Nord 1213"]
[Site "Bayern"]
[Date "2012.11.11"]
[Round "2.4"]
[White "Rother, Christoph"]
[Black "Reis, Thomas"]
[Result "0-1"]
[WhiteElo "2154"]
[BlackElo "2155"]
[PlyCount "98"]
[EventDate "2012.10.14"]
[EventType "team-tourn"]
[EventRounds "9"]
[EventCountry "GER"]
[SourceTitle "EXT 2015"]
[Source "ChessBase"]
[SourceDate "2014.11.20"]
[SourceVersion "1"]
[SourceVersionDate "2014.11.20"]
[SourceQuality "1"]
[WhiteTeam "Kareth Lappersdorf"]
[BlackTeam "Wuerzburg"]
[WhiteTeamCountry "GER"]
[BlackTeamCountry "GER"]

1. e4 d6 2. d4 Nf6 3. Nc3 c6 4. Nf3 Bg4 5. Be2 e6 6. 0-0 Be7 7. Nd2 Bxe2 8. Nxe2 d5 9. e5 Nfd7 10. f4 g6 11. Nf3 c5 12. c3 Qb6 13. Rb1 Nc6 14. Be3 a5 15. a4 h5 16. Bf2 c4 17. g3 Qa6 18. h3 Rb8 19. g4 hxg4 20. hxg4 b5 21. axb5 Qxb5 22. f5 gxf5 23. gxf5 Nb6 24. Be3 Na4 25. Bc1 Kd7 26. f6 Rbg8+ 27. Kf2 Bf8 28. Qc2 Nb6 29. Rg1 Qb3 30. Qxb3 cxb3 31. Rxg8 Rxg8 32. Ng5 Nd8 33. Bf4 Nc4 34. Nc1 a4 35. Nd3 Rh8 36. Nf3 Kc6 37. Ke2 Kb5 38. Nd2 Nxd2 39. Kxd2 Rg8 40. Ke2 Rg2+ 41. Nf2 Kc4 42. Kf3 Rxf2+ 43. Kxf2 a3 44. bxa3 Bxa3 45. Ke2 Kxc3 46. Kd1 b2 47. Bd2+ Kb3 48. Ba5 Nc6 49. Bb6 Ka2 0-1